000 00293nam a22001337a 4500
008 170925b xxu||||| |||| 00| 0 eng d
020 _a0582284066
041 _aeng
080 _a37
100 _a46
101 _aEDU
245 _aCIMPREHENSION INSTRUCTION
_cDUFFY.G..G
942 _2udc
_cBK
999 _c29490
_d29490